Statistics for Chris Pratts famous roles.

Click here to take the quiz!

General Stats

  • This quiz has been taken 4 times
  • The average score is 3 of 10

Answer Stats

HintAnswer% Correct
Guardians of the GalaxyPeter
100%
The Lego MovieEmmet
75%
Parks and RecreationAndy
50%
OnwardBarley
25%
HerPaul
25%
MoneyballScott
25%
The Five Year EngagmentAlex
0%
Strangers with candyBrason
0%
The Magnificent SevenJosh
0%
Zero Dark ThirtyJustin
0%

Score Distribution

Percentile by Number Answered

Percent of People with Each Score

Your Score History

You have not taken this quiz